Quizzes
Events
Quiz Creation
Community
Videos
Private Events
Remove Ads
Sign In
Join for FREE
Feedback
Dark Mode
Quiz Categories
Sports
Geography
Music
Movies
Television
Just For Fun
Miscellaneous
History
Literature
Language
Science
Gaming
Entertainment
Religion
Holiday
For Kids
Quiz Lab
Recent
Popular Today
Quiz Kudos Today
Editor Picks
Curator Picks
Quizzes by...
Day
Popularity
Type
Ratings
Length
Year
Community
Subscriptions
Recent Discussions
Orange Saloon
Badges
Playlists
Quests
Create
Leaderboards
Showdown
Live 5
Trivia Bingo
Activity
Puzzle Library
Sporcle Events
Private Events
Virtual Trivia
Globe League
Become a Host
Pub Owners
SporcleCon
Opinionation
Our Games
Videos
Blog
Mobile Apps
Partnerships
Remove Ads and Go Orange
Feedback
Movies
Disney
Marvel Cinematic Universe
Movie Resume
Movie Titles
Oscar
Actor
Actress
Director
Pixar
Role
Movie Quotes
Movie Characters
Box Office
Nominee
Best Picture
Star Wars
James Bond
Horror Movies
Movies
Disney
Marvel Cinematic Universe
Movie Resume
Movie Titles
Oscar
Actor
Actress
Director
Pixar
Role
Movie Quotes
Movie Characters
Box Office
Nominee
Best Picture
Star Wars
James Bond
Horror Movies
Random Quiz
Search Sporcle
×
Quiz Lab
Quiz Lab
Movies
Disney
Type in answers that appear in a list
Type in answers that appear in a list
Classic
Best Score? Go Orange.
Disney Or Pixar Movie By Main Character Stats
Can you name the Disney & Pixar Movie By Main Character?
By
missbella
3m
35 Questions
413 Plays
413 Plays
413 Plays
Comments
Comments
Give Quiz Kudos
Give Quiz Kudos
-
- Ratings
hide this ad
Replay
Link that replays current quiz
Next Quiz
Link to next quiz in quiz playlist
You Got
0%
They Got
Avg Score
74%
Avg Friend Score
Upgrade to see
Score Distribution
Jump to the score distribution portion of the page
Score
0/35
Timer
03:00
0
Plays Today
Character
Movie
% Correct
Buzz Lightyear
Toy Story
97.3%
Lilo
Lilo and Stitch
93%
Baloo
Jungle Book
92.7%
Aurora
Sleeping Beauty
90.1%
Piglet
Winnie the Pooh
89.6%
Mike Wazowski
Monsters Inc.
88.4%
P. Sherman
Finding Nemo
86.4%
Mater
Cars
86.2%
Mushu
Mulan
82.6%
Gus Gus
Cinderella
82.1%
Mrs. Jumbo
Dumbo
80.6%
EVE (Extraterrestrial Vegetation Evaluator)
WALL-E
80.6%
Wendy
Peter Pan
80.1%
Carl Fredricksen
Up
79.2%
Edna Mode
The Incredibles
77.2%
Remy
Ratatouille
75.5%
Dot
A Bug's Life
74.8%
Lots-
O
Toy Story 3
74.8%
Character
Movie
% Correct
Friar Tuck
Robin Hood
74.6%
Abu
Aladdin
73.4%
Doc
Snow White
72.6%
Timone
Lion King
71.7%
Pain and Panic
Hercules
70.9%
Geppetto
Pinocchio
70%
Princess Tiana
The Princess and the Frog
67.6%
Prince Eric
The Little Mermaid
66.8%
Thumper
Bambi
65.9%
Mad Hatter
Alice in Wonderland
64.6%
Tramp
Lady and the Tramp
63.9%
Eugene (Flynn Rider)
Tangled
61.5%
Penny
The Rescuers
60.3%
Kocoum
Pocahontas
59.6%
Merlin
The Sword in the Stone
49.2%
Mittens
Bolt
48.4%
Pongo
One Hundred and One Dalmatians
41.2%
Quiz Playlist
Details
Report
Send in Message
Add To Playlist
Classic:
Type in answers that appear in a list
Last Updated: Feb 16, 2017
Quiz Scoreboard
CHALLENGE
Sign Up to Join the Scoreboard
Show All
Scores
Hide
Comments
May contain spoilers
Recently Published
Movies - When Are They Set?
by FPL_Elf
Movies
5m
Popular People in 1961
by mucciniale
History
6m
1-10 Letter E Words III
by El_Dandy
Language
2m
More to Explore
Quiz From the Vault
Featured Blog Post
Where Did the Easter Bunny Come From?
hide this ad
You Might Also Like...
Tags
Disney Quiz
Movie Titles Quiz
Pixar Quiz
Character
Today's Top Quizzes in Movies
Browse Movies
hide this ad
Today's Top Quizzes in Disney
Browse Disney
Top Contributed Quizzes in Movies
1
Pick 5 Posters: Directed by Spielberg
2
Multi-Oscar Nominations, One Movie, One Winner
3
One Thing in Common: Movies
4
12 Movies about Fictional 1960s Events
5
One Thing in Common: Movies II
6
Sunday Crossword: Film Score Composers
7
Three Word 'H' Movies Match Up
8
Three Word 'T' Movies Match Up
9
One Thing in Common: Oscars
10
Three Word 'M' Movies Match Up
Explore More
Trending Topics
Anime
Disney
NBA
Marvel
Harry Potter
Crossword
Kpop
NFL
Puzzle
Song
Country
WWE
Soccer
Pokémon
The Office
hide this ad
More By:
missbella
Quiz
Plays
Rating
Category
Featured
Created
Disney Or Pixar Movie By Main Character
413
4.00
Movies
Apr 13, 2012
Go to Creator's Profile
Score Distribution
Quiz Creator Spotlight
missbella
Follow
Send a Message
Quizzes Created
-
Created Quiz Play Count
-
More By This Creator
Popular Quizzes Today
1
Find the Countries of Europe - No Outlines Minefield
2
Find the US States - No Outlines Minefield
3
The Countries of the World
4
Popular People in 1961
5
US States
6
1-10 Letter E Words III
7
Find the US States
8
One Thing in Common: World Cities II
More Movies Quizzes
Horror Character Sorting Blitz III
Curator's Pick
Trending Quizzes
Risky Map Clicking: Least Populous States A-Z
1-10 Letter F Words
Humor Books: The Subtitles
1-10 Letter G Words
One Thing in Common: United Kingdom
Recently Updated
Leaping Animals
pecheneg
Reality TV Shows (A-Z)
bhenderson79
Rickey Henderson's Hall of Fame Teammates
pecheneg
Champions League XIs: Arsenal
pecheneg
Quick Pick: Celebrities in WWE's Hall of Fame
aduchscher
A-Z Keypad Blitz II
pecheneg
Multiple Oscar Actors
pecheneg
Mystery Phrase Blitz: Oscar 'Best Actors'
pecheneg
F. Scott Fitzgerald Novels
LTH
Pick 3 Villains
ddd62291
Trending Topics
Crossword
Disney
Anime
Kpop
Harry Potter
NBA
Marvel
Country
The Office
Pokémon
WWE
Soccer
Song
NFL
Puzzle
Your Account Isn't Verified!
In order to create a playlist on Sporcle, you need to verify the email address you used during registration. Go to your
Sporcle Settings
to finish the process.
Report this User
Report this user for behavior that violates our
Community Guidelines
.
Details:
Send Report
Go to the Sporcle.com Mobile Site →
Comments